Normal view
MARC view
- العلاقات الدولية -الاردن-السعودية1952-1967 م
Entry Topical Term
001 - CONTROL NUMBER
- control field: 41013
003 - CONTROL NUMBER IDENTIFIER
- control field: JO-AjAnu
005 - DATE AND TIME OF LATEST TRANSACTION
- control field: 20230606080819.0
008 - FIXED-LENGTH DATA ELEMENTS
- fixed length control field: 230606|| aca||aabn | a|a d
040 ## - CATALOGING SOURCE
- Original cataloging agency: JO-AjAnu
- Transcribing agency: JO-AjAnu
150 ## - HEADING--TOPICAL TERM
- Topical term or geographic name entry element: العلاقات الدولية -الاردن-السعودية1952-1967 م
670 ## - SOURCE DATA FOUND
- Source citation: Work cat.: (JO-AjAnu)21018: درادكة، فتحي محمد, author 41012, التاريخ السياسي للعلاقات الأردنية السعودية 1953-1967 م